000 00672nam a2200217Ia 4500
001 9618
003 GE_BSU
008 181216s||||||||xx |||||||||||||| ||und||
040 _cGE_BSU
080 _a82-93
100 _aმეგრელი,დუტუ
245 _aსაყმაწვილო მოთხრობები
245 _cრედ:ბ.მეუნარგია;მხატვ:კიკნაძე
260 _aტფილისი.
260 _bსახელგამი
260 _c1937
300 _a20გვ;21სმ
300 _bილ
653 _aსაყმაწვილო მოთხრობები
942 _cBK
999 _c42902
_d42902